000 00566nab a2200229 a 4500
001 59248
003 131086
005 20201118105615.0
008 ||||||n9999 ||| || ||
041 _aspa
245 0 _aDiscurso religioso: libre y responsable
260 _aBogotá :
_bDEREC,
_c1998.
300 _app.827-845
562 _e0
650 _aACCION DE TUTELA
650 _aANÁLISIS JURÍDICO
650 _aCOLOMBIA
650 _aLIBERTAD DE PALABRA
650 _aLIBERTAD RELIGIOSA
773 _057755
_aTutela - Vol.5 No.54
942 _cSART
999 _c59248
_d59248